| 000 | 00443nam a2200193Ia 4500 | ||
|---|---|---|---|
| 005 | 20240823035226.0 | ||
| 008 | 240823s9999||||xx |||||||||||||| ||und|| | ||
| 020 | _a0-1400-1399-7 | ||
| 041 | _aENGLISH | ||
| 082 | _A590.92 L7 | ||
| 100 | _aGerald Durrell | ||
| 245 | 0 | _aMy Family and other Animals | |
| 250 | _a1st | ||
| 260 |
_c1977 _bPenguin |
||
| 500 | _aYES | ||
| 650 |
_aOther Animals _bGeneral |
||
| 942 | _cBK | ||
| 999 |
_c200178 _d200178 |
||